| 000 | 00472nam a2200181Ia 4500 | ||
|---|---|---|---|
| 003 | LK-CoDNM | ||
| 008 | 010623t2009 xxu||||| |||| 00| 1 sin d | ||
| 040 |
_aLK-CoDNM _dLK-CoDNM _eLK-CoDNM |
||
| 041 | _asin | ||
| 080 |
_a343.9 _bWIJ |
||
| 100 | _aWijewardana,Niranji | ||
| 245 | _aමුලික අපරාධ විද්යාව | ||
| 246 | _aMuulika Aparada Widyawa | ||
| 260 |
_b _c2009 |
||
| 300 | _bp.(x)166, 21.5 cm | ||
| 650 | _aScience | ||
| 942 | _cBK | ||
| 999 |
_c129028 _d129028 |
||